[Event "HEM 2013 B Turnier"]
[Site "Korbach"]
[Date "2013.03.28"]
[Round "3.1"]
[White "Tschoepe, Nino"]
[Black "Rolf, Marco"]
[Result "1/2-1/2"]
[WhiteElo "1718"]
[BlackElo "1864"]
[PlyCount "50"]
[EventDate "2013.??.??"]
[WhiteTeam "SC Marsberg e.V."]
[BlackTeam "SK Bad Homburg 1927"]

1. d4 Nf6 2. c4 e5 3. dxe5 Ng4 4. e3 Nxe5 5. Nc3 Nbc6 6. f4 Ng6 7. Bd3 Bc5 8.
a3 a5 9. Qh5 Qh4+ 10. Qxh4 Nxh4 11. g3 Ng6 12. Nd5 Kd8 13. Nf3 f6 14. b3 d6 15.
O-O Nge7 16. Nxe7 Nxe7 17. Kg2 Nf5 18. Re1 Re8 19. e4 Nd4 20. Rb1 Bg4 21. Nxd4
Bxd4 22. h3 Bd7 23. Bb2 Bxb2 24. Rxb2 Bc6 25. Rbe2 f5 1/2-1/2

[Event "HEM 2013 B Turnier"]
[Site "Korbach"]
[Date "2013.03.28"]
[Round "3.2"]
[White "Ackermann, Emil"]
[Black "Wagner, Thomas"]
[Result "1/2-1/2"]
[WhiteElo "1703"]
[BlackElo "1941"]
[PlyCount "66"]
[EventDate "2013.??.??"]
[WhiteTeam "SV Anderssen Arolsen"]
[BlackTeam "SC Langenbieber"]

1. c4 c5 2. Nc3 Nc6 3. e3 g6 4. g3 Bg7 5. Nge2 e6 6. Bg2 Nge7 7. O-O O-O 8. b3
d5 9. d4 dxc4 10. dxc5 Qa5 11. Bb2 Rd8 12. Qc2 Nb4 13. Qc1 Nd3 14. Qc2 Nxb2 15.
Qxb2 Rd3 16. b4 Qd8 17. Rad1 Rxd1 18. Rxd1 Qxd1+ 19. Nxd1 Bxb2 20. Nxb2 Nd5 21.
a3 a5 22. b5 Bd7 23. a4 c3 24. Nc4 Rc8 25. Bxd5 Rxc5 26. Nb6 c2 27. Bxb7 Bxb5
28. Nc1 Bc6 29. Ba6 Be8 30. Bd3 Rc3 31. Kf1 Ra3 32. Ke1 Bxa4 33. Nxa4 Rxa4
1/2-1/2

[Event "HEM 2013 B Turnier"]
[Site "Korbach"]
[Date "2013.03.28"]
[Round "3.3"]
[White "Rubruck, Eberhard"]
[Black "Kuehn, Thomas"]
[Result "0-1"]
[WhiteElo "1835"]
[BlackElo "1913"]
[PlyCount "60"]
[EventDate "2013.??.??"]
[WhiteTeam "SK Bad Sooden-Allendorf"]
[BlackTeam "Sfr. Braunfels e. V."]

1. d4 f5 2. c4 Nf6 3. Nc3 g6 4. e3 Bg7 5. Nf3 d6 6. Be2 O-O 7. O-O Qe8 8. b3 e5
9. dxe5 dxe5 10. Bb2 c6 11. Qc2 a5 12. Rad1 Na6 13. Na4 Nd7 14. Ba3 Nb4 15. Qd2
c5 16. Ng5 Ra6 17. Bxb4 axb4 18. a3 bxa3 19. Ra1 h6 20. Nh3 g5 21. f3 Qg6 22.
Nf2 Rd6 23. Qc2 h5 24. Rxa3 g4 25. fxg4 hxg4 26. g3 Qh5 27. Nd3 Rh6 28. Bd1 b6
29. Qg2 Rd6 30. Nc1 Bh6 0-1

[Event "HEM 2013 B Turnier"]
[Site "Korbach"]
[Date "2013.03.28"]
[Round "3.4"]
[White "Foerster, Rudi"]
[Black "Dinslage, Klaus-Dieter"]
[Result "1-0"]
[WhiteElo "1882"]
[BlackElo "1540"]
[PlyCount "53"]
[EventDate "2013.??.??"]
[WhiteTeam "Sfr. Braunfels e. V."]
[BlackTeam "Bahn-SC Wuppertal"]

1. e4 e5 2. Nf3 Nc6 3. Bb5 d6 4. d4 exd4 5. Bxc6+ bxc6 6. Qxd4 Ba6 7. Bg5 Qd7
8. Nc3 c5 9. Qd2 f6 10. Bf4 Ne7 11. O-O-O Ng6 12. e5 Nxf4 13. Qxf4 dxe5 14.
Nxe5 Bd6 15. Qe4 fxe5 16. Qxa8+ Bc8 17. f4 O-O 18. fxe5 c6 19. Rxd6 Qf5 20.
Qxc6 Qf4+ 21. Kb1 Be6 22. Rc1 Rc8 23. Qe4 Qf7 24. Rcd1 g6 25. Qf3 Qe8 26. Qf6
Bf5 27. Rd8 1-0

[Event "HEM 2013 B Turnier"]
[Site "Korbach"]
[Date "2013.03.28"]
[Round "3.5"]
[White "Lages, Karl Heinz"]
[Black "Goebel, Knut"]
[Result "1-0"]
[WhiteElo "1917"]
[BlackElo "1644"]
[PlyCount "73"]
[EventDate "2013.??.??"]
[WhiteTeam "Sfr. Korbach"]
[BlackTeam "SC Ober-Ramstadt"]

1. e4 c6 2. d4 d5 3. Nd2 dxe4 4. Nxe4 Bf5 5. Ng3 Bg6 6. Nf3 Nd7 7. Bd3 e6 8.
O-O Ngf6 9. Re1 Be7 10. c4 O-O 11. Bxg6 hxg6 12. Qb3 Qc7 13. Bg5 Bd6 14. Rad1
Qb6 15. Qc2 Qa5 16. Bd2 Bb4 17. Bxb4 Qxb4 18. a3 Qb6 19. Ne5 Nxe5 20. dxe5 Ng4
21. h3 Nh6 22. c5 Qc7 23. Rd6 Nf5 24. Nxf5 gxf5 25. Red1 Rac8 26. R1d3 b6 27.
b4 a5 28. Qd2 bxc5 29. bxc5 Qa7 30. Qc1 Qb8 31. Rg3 Rc7 32. Qg5 g6 33. h4 Qb1+
34. Kh2 f4 35. Qxf4 Qf5 36. Qxf5 exf5 37. e6 1-0

[Event "HEM 2013 B Turnier"]
[Site "Korbach"]
[Date "2013.03.28"]
[Round "3.6"]
[White "Kies, Wolfgang"]
[Black "Friedrich, Helmut"]
[Result "1-0"]
[WhiteElo "1894"]
[BlackElo "1696"]
[PlyCount "123"]
[EventDate "2013.??.??"]
[WhiteTeam "SC Marsberg e.V."]
[BlackTeam "SC Schachmatt Weiterstadt"]

1. d4 Nf6 2. c4 e6 3. Nc3 Bb4 4. Qc2 c5 5. e3 Nc6 6. Nf3 d5 7. a3 Bxc3+ 8. Qxc3
cxd4 9. exd4 h6 10. b3 O-O 11. Bd3 Qd6 12. O-O b6 13. c5 Qc7 14. b4 a6 15. Re1
Bb7 16. g3 Nh5 17. Bb2 b5 18. Ne5 Qe7 19. Nxc6 Bxc6 20. Bc2 Rae8 21. Qd3 f5 22.
Bc1 Qf7 23. Bf4 Nxf4 24. gxf4 Qh5 25. a4 Qg4+ 26. Qg3 Qxg3+ 27. fxg3 g6 28.
axb5 Bxb5 29. Ba4 Re7 30. Bxb5 axb5 31. Ra6 Kf7 32. Rea1 g5 33. Rb6 Rg8 34. Kf2
Kf6 35. Raa6 gxf4 36. gxf4 Rg4 37. Kf3 Rg1 38. Rxb5 Rf1+ 39. Ke3 Rh1 40. Rbb6
Rxh2 41. b5 Rh3+ 42. Kf2 Rd3 43. c6 Rxd4 44. Rb7 Rxf4+ 45. Ke3 Rc4 46. Raa7 Re8
47. Rf7+ Ke5 48. c7 d4+ 49. Kf2 Rc2+ 50. Ke1 Rg8 51. Kf1 d3 52. Rd7 d2 53. b6
Rc1+ 54. Ke2 Rg2+ 55. Kf3 Rgg1 56. Ra5+ Kf6 57. Rxd2 e5 58. b7 e4+ 59. Ke3 Rc4
60. c8=Q f4+ 61. Kxf4 Rf1+ 62. Kg3 1-0

[Event "HEM 2013 B Turnier"]
[Site "Korbach"]
[Date "2013.03.28"]
[Round "3.7"]
[White "Popov, Vadim"]
[Black "Wuestehube, Harry"]
[Result "1/2-1/2"]
[WhiteElo "1688"]
[BlackElo "1912"]
[PlyCount "51"]
[EventDate "2013.??.??"]
[WhiteTeam "SK 1858 Gießen"]
[BlackTeam "Kasseler SK 1876"]

1. d4 Nf6 2. Nf3 g6 3. c4 Bg7 4. Nc3 O-O 5. e4 d6 6. h3 e5 7. d5 Nbd7 8. Bg5 h6
9. Be3 Nc5 10. Nd2 a5 11. g4 Bd7 12. g5 hxg5 13. Bxg5 Qe8 14. Be2 Nh7 15. Be3
Qe7 16. h4 Rfc8 17. Nf3 Rab8 18. Ng5 f6 19. Nxh7 Kxh7 20. Bxc5 dxc5 21. Bg4 Rf8
22. h5 g5 23. h6 Bxh6 24. Bf5+ Bxf5 25. exf5 Qf7 26. Qh5 1/2-1/2

[Event "HEM 2013 B Turnier"]
[Site "Korbach"]
[Date "2013.03.28"]
[Round "3.8"]
[White "Henkel, Volker"]
[Black "Mierendorf, Werner"]
[Result "1/2-1/2"]
[WhiteElo "1950"]
[BlackElo "1603"]
[PlyCount "82"]
[EventDate "2013.??.??"]
[WhiteTeam "SC Rochade 1963 Beckum"]
[BlackTeam "SK Upland-Willingen"]

1. d4 d5 2. c4 e6 3. Nc3 Nf6 4. cxd5 exd5 5. Bg5 Be7 6. Qc2 O-O 7. e3 h6 8.
Bxf6 Bxf6 9. Bd3 Re8 10. Nge2 Nc6 11. a3 Be6 12. O-O Qd7 13. Rac1 Ne7 14. Ng3
g6 15. Nce2 c6 16. Rfd1 Kg7 17. Nf4 Bg5 18. Nxe6+ Qxe6 19. b4 Rac8 20. Re1 f5
21. Qb3 a6 22. a4 h5 23. Nf1 Ng8 24. b5 axb5 25. axb5 cxb5 26. Qxb5 Rxc1 27.
Rxc1 Re7 28. Qa5 f4 29. exf4 Bxf4 30. Rb1 Nf6 31. Rb6 Qf7 32. Qb4 Ne4 33. Bxe4
dxe4 34. Ne3 Bxe3 35. fxe3 Rc7 36. Qb2 Kh6 37. d5 Qxd5 38. Qh8+ Rh7 39. Qf8+
Rg7 40. Qh8+ Rh7 41. Qf8+ Rg7 1/2-1/2

[Event "HEM 2013 B Turnier"]
[Site "Korbach"]
[Date "2013.03.28"]
[Round "3.9"]
[White "Herbst, Alexander"]
[Black "Braeutigam, Walter"]
[Result "1-0"]
[WhiteElo "1597"]
[BlackElo "1770"]
[PlyCount "101"]
[EventDate "2013.??.??"]
[WhiteTeam "SC Langenbieber"]
[BlackTeam "SpVg. Möhnesee von 1921 e.V."]

1. e4 c5 2. Nc3 Nc6 3. f4 d6 4. Nf3 Bg4 5. Bb5 a6 6. Bxc6+ bxc6 7. O-O g6 8. d3
Bg7 9. Qe1 Qa5 10. Bd2 Bxf3 11. Rxf3 Bd4+ 12. Kh1 Qb6 13. Rb1 Nf6 14. Nd1 Nd7
15. c3 Bg7 16. Nf2 O-O 17. Nh3 e6 18. Qh4 Qd8 19. Ng5 h6 20. Rh3 f5 21. Nxe6
Qxh4 22. Rxh4 Rf6 23. Nxg7 Kxg7 24. exf5 gxf5 25. Re1 Kf7 26. Rh3 Re8 27. Rxe8
Kxe8 28. Kg1 Kf7 29. Kf2 Rg6 30. Rg3 Re6 31. Re3 Nf6 32. Rxe6 Kxe6 33. Kg3 Kf7
34. h3 d5 35. Kh4 Kg6 36. g4 h5 37. g5 Nd7 38. c4 Nb6 39. b3 dxc4 40. dxc4 Nc8
41. Be3 Nd6 42. Bxc5 Ne4 43. Bb4 Nf2 44. Kg3 Nd3 45. Ba3 Ne1 46. Kf2 Nd3+ 47.
Ke3 Ne1 48. Bd6 h4 49. b4 Kf7 50. Ke2 Nc2 51. Bc5 1-0

[Event "HEM 2013 B Turnier"]
[Site "Korbach"]
[Date "2013.03.28"]
[Round "3.10"]
[White "Zalewski, Ulrich"]
[Black "Alefs, Willi"]
[Result "1/2-1/2"]
[WhiteElo "1798"]
[BlackElo "1898"]
[PlyCount "113"]
[EventDate "2013.??.??"]
[WhiteTeam "SK 1858 Gießen"]
[BlackTeam "SC Fuldatal"]

1. e4 c5 2. Nf3 Nc6 3. d4 cxd4 4. Nxd4 e6 5. Be3 Nf6 6. Nc3 Bb4 7. Nxc6 bxc6 8.
Bd3 Qa5 9. Bd2 Bb7 10. O-O O-O 11. a3 Be7 12. Nd5 Qd8 13. Nxe7+ Qxe7 14. f4 d5
15. e5 Ne4 16. Be3 f5 17. b4 Rfd8 18. Qe1 Kh8 19. Rd1 a6 20. c3 Rg8 21. Kh1 h6
22. Rf3 g6 23. Rh3 Kg7 24. Bxe4 dxe4 25. Bc5 Qe8 26. Qh4 Rh8 27. Be7 Rh7 28.
Qf6+ Kg8 29. Qxe6+ Qf7 30. Qxf7+ Kxf7 31. Bf6 Ke8 32. Re3 Rd7 33. Ree1 Bc8 34.
Rxd7 Kxd7 35. Rd1+ Kc7 36. Rd6 Bd7 37. Bg7 Be8 38. Bxh6 a5 39. Rd1 axb4 40.
axb4 Bf7 41. Bg5 Bd5 42. Kg1 Ra2 43. Re1 Rc2 44. Re3 Bc4 45. Be7 Kd7 46. Bc5
Ke6 47. Bd4 Rd2 48. h4 Rd1+ 49. Kh2 Rd2 50. Rg3 Kf7 51. Be3 Re2 52. Bd4 Ra2 53.
h5 gxh5 54. Rg5 Be6 55. Rxh5 Kg6 56. Rg5+ Kh6 57. Rg3 1/2-1/2

[Event "HEM 2013 B Turnier"]
[Site "Korbach"]
[Date "2013.03.28"]
[Round "3.11"]
[White "Langhammer, Joerg"]
[Black "Meul, Willi"]
[Result "1/2-1/2"]
[WhiteElo "1721"]
[BlackElo "1854"]
[PlyCount "55"]
[EventDate "2013.??.??"]
[WhiteTeam "SF Kirchhellen 50/72e"]
[BlackTeam "SV 1925 Hürth-Berrenra"]

1. e4 c5 2. Nf3 d6 3. c3 Nf6 4. Qc2 Nc6 5. d4 cxd4 6. Nxd4 a6 7. Nxc6 bxc6 8.
Bd3 e5 9. O-O Be7 10. h3 O-O 11. f4 Qb6+ 12. Qf2 Qxf2+ 13. Kxf2 exf4 14. Bxf4
Nh5 15. Bh2 f5 16. exf5 Bxf5 17. Bxf5 Rxf5+ 18. Ke2 Rxf1 19. Kxf1 Rf8+ 20. Ke2
Nf4+ 21. Bxf4 Rxf4 22. Nd2 d5 23. Nf3 Bf6 24. Kd2 Re4 25. Re1 Rxe1 26. Nxe1 Kf7
27. Nf3 Ke6 28. Nd4+ 1/2-1/2

[Event "HEM 2013 B Turnier"]
[Site "Korbach"]
[Date "2013.03.28"]
[Round "3.12"]
[White "Hesse, Klaus Dieter"]
[Black "Siebald, Joerg"]
[Result "1/2-1/2"]
[WhiteElo "1927"]
[BlackElo "1579"]
[PlyCount "111"]
[EventDate "2013.??.??"]
[WhiteTeam "SK Stadtallendorf"]
[BlackTeam "SC Rochade Emsdetten"]

1. e4 e6 2. d4 d5 3. Nc3 Bb4 4. e5 c5 5. a3 Bxc3+ 6. bxc3 Ne7 7. a4 Qc7 8. Qd2
Nbc6 9. Ba3 b6 10. f4 Bb7 11. Nf3 cxd4 12. cxd4 Na5 13. Bd6 Qd7 14. Bb4 Nc4 15.
Bxc4 dxc4 16. Bxe7 Qxe7 17. O-O O-O 18. c3 Bc6 19. Qc2 Qb7 20. Rfe1 Bxf3 21.
gxf3 Qxf3 22. Qd2 Qc6 23. Qg2 Qxg2+ 24. Kxg2 Rfb8 25. Reb1 Kf8 26. Rb4 Rc8 27.
Rab1 Rc7 28. Rb5 Ke7 29. a5 bxa5 30. Rxa5 Rd8 31. Rbb5 Rd5 32. Kf3 Rxb5 33.
Rxb5 Kd7 34. Ke4 f5+ 35. exf6 gxf6 36. f5 Kc6 37. Rb4 Kd6 38. Rb5 Ke7 39. Ra5
exf5+ 40. Kxf5 Kf7 41. Ra6 Rb7 42. Rc6 Rb5+ 43. Kf4 a5 44. Rxc4 Rb2 45. Ra4
Rxh2 46. Rxa5 Ke6 47. Rc5 Re2 48. Kf3 Re1 49. Kf2 Re4 50. Rh5 Kd6 51. Rxh7 Kd5
52. Rh3 Kc4 53. Re3 Rh4 54. Ke1 Rh2 55. Re2 Rh3 56. Rf2 1/2-1/2

[Event "HEM 2013 B Turnier"]
[Site "Korbach"]
[Date "2013.03.28"]
[Round "3.13"]
[White "Bickmann, Uwe"]
[Black "Benedikt, Alexander"]
[Result "1/2-1/2"]
[WhiteElo "1782"]
[BlackElo "1775"]
[PlyCount "110"]
[EventDate "2013.??.??"]
[WhiteTeam "SC Marsberg e.V."]
[BlackTeam "Sfr. Bad Emstal 1993"]

1. c4 e5 2. g3 Nc6 3. Bg2 Nf6 4. Nf3 d6 5. Nc3 Be7 6. d3 h6 7. Rb1 O-O 8. b4 a6
9. O-O Nh7 10. a4 Qd7 11. Bb2 Ng5 12. Nxg5 Bxg5 13. b5 axb5 14. axb5 Ne7 15.
Ra1 Rxa1 16. Qxa1 c6 17. bxc6 bxc6 18. Ne4 f5 19. Nxg5 hxg5 20. c5 Ng6 21. cxd6
Re8 22. Rc1 Bb7 23. Qa4 Rc8 24. Qc4+ Kh7 25. Qc5 Qe8 26. Ra1 Ra8 27. Ra7 Rxa7
28. Qxa7 Qd7 29. Qc5 Qe8 30. e3 Kg8 31. d4 exd4 32. Bxd4 Qd7 33. e4 fxe4 34.
Bxe4 Nf8 35. Bf5 Qf7 36. Qe5 Nd7 37. Qe4 Kf8 38. Qe6 Bc8 39. Qxf7+ Kxf7 40.
Bxd7 Bxd7 41. Kf1 g6 42. Ke2 Ke6 43. Bc5 Kd5 44. Ba3 c5 45. Bc1 g4 46. Bf4 c4
47. Kd2 Kd4 48. Be3+ Kd5 49. Kc3 Kxd6 50. Kxc4 Ke5 51. Kc5 Ke4 52. Kd6 Bf5 53.
Ke7 Kf3 54. Kf6 Be4 55. Kg5 Bf5 1/2-1/2

[Event "HEM 2013 B Turnier"]
[Site "Korbach"]
[Date "2013.03.28"]
[Round "3.14"]
[White "Pleyer, Christian"]
[Black "Kronenburg, Bernd"]
[Result "1-0"]
[WhiteElo "1486"]
[BlackElo "1786"]
[PlyCount "81"]
[EventDate "2013.??.??"]
[WhiteTeam "SC Langenbieber"]
[BlackTeam "SV 1929 Raunheim"]

1. d4 c5 2. c3 cxd4 3. cxd4 e6 4. Nc3 Nf6 5. Bd2 Be7 6. e3 Nc6 7. a3 O-O 8. Bd3
d5 9. Nf3 Nd7 10. O-O f5 11. Ne2 Bd6 12. Ne1 e5 13. dxe5 Ndxe5 14. f4 Nxd3 15.
Nxd3 b6 16. Bc3 Qe7 17. Rf3 Ba6 18. Nd4 Nxd4 19. Bxd4 Rac8 20. Rg3 g6 21. Ne1
Kf7 22. Nf3 Rc4 23. Be5 Ke6 24. Ng5+ Kd7 25. Qxd5 Rc5 26. Qxd6+ Qxd6 27. Bxd6
Kxd6 28. Nxh7 Rfc8 29. Rxg6+ Kc7 30. Ng5 Kb8 31. Rd1 Rc2 32. h4 Rxb2 33. h5 Be2
34. Rd7 Bf1 35. Ne6 Bb5 36. Re7 Bc6 37. h6 Bd5 38. h7 Bxe6 39. Rexe6 Rd2 40.
Rg8 Rdd8 41. Reg6 1-0

[Event "HEM 2013 B Turnier"]
[Site "Korbach"]
[Date "2013.03.28"]
[Round "3.15"]
[White "Ullmann, Ralf"]
[Black "Meise, Jan"]
[Result "0-1"]
[WhiteElo "1606"]
[BlackElo "1454"]
[PlyCount "128"]
[EventDate "2013.??.??"]
[WhiteTeam "SC Eschwege"]
[BlackTeam "ESV Rot-Weiß Göttingen"]

1. e4 e5 2. Nf3 Nc6 3. Bc4 Bc5 4. c3 Nf6 5. d4 exd4 6. e5 d5 7. Bb5 Ne4 8. cxd4
Bb4+ 9. Bd2 Nxd2 10. Nbxd2 O-O 11. Bxc6 bxc6 12. O-O c5 13. a3 Bxd2 14. Qxd2
cxd4 15. Qxd4 c6 16. Rac1 Bd7 17. Nd2 Qb6 18. Qxb6 axb6 19. f4 c5 20. h3 g6 21.
Nf3 Ra4 22. Ne1 Re4 23. Kh2 Ra8 24. Rf2 Raa4 25. g3 Rac4 26. Rd1 Ba4 27. Rb1
Re3 28. Ng2 Rb3 29. Ne1 Bc6 30. Nf3 Re3 31. Ne1 Rce4 32. Nf3 Re2 33. Kg1 R4e3
34. Rxe2 Rxe2 35. b4 d4 36. Ne1 c4 37. b5 Be4 38. Rc1 c3 39. Kf1 Rd2 40. g4 Bd5
41. Nc2 Bc4+ 42. Kg1 Bxb5 43. Nxd4 Rxd4 44. Rxc3 Ba4 45. f5 gxf5 46. gxf5 Bd7
47. e6 fxe6 48. fxe6 Bxe6 49. Rc6 Bxh3 50. Rxb6 Rd2 51. Rb3 Bg4 52. a4 Ra2 53.
Rb4 h5 54. Rd4 Kf7 55. a5 Rxa5 56. Kg2 Ra3 57. Rb4 Kf6 58. Rc4 Kg5 59. Rb4 Kh4
60. Rb2 Re3 61. Rb1 Re2+ 62. Kg1 Kg3 63. Rb3+ Bf3 64. Kf1 Rd2 0-1

[Event "HEM 2013 B Turnier"]
[Site "Korbach"]
[Date "2013.03.28"]
[Round "3.16"]
[White "Straschnej, Paul"]
[Black "Heidenreich, Gundolf"]
[Result "0-1"]
[WhiteElo "1554"]
[BlackElo "1429"]
[PlyCount "82"]
[EventDate "2013.??.??"]
[WhiteTeam "Sfr. Bad Emstal 1993"]
[BlackTeam "SK 1950 Vellmar"]

1. d4 e6 2. c4 c5 3. Nf3 Nf6 4. Bg5 Be7 5. e3 b6 6. Nc3 cxd4 7. exd4 d5 8. Ne5
Bb7 9. Qa4+ Nfd7 10. Bxe7 Qxe7 11. c5 bxc5 12. Bb5 cxd4 13. Bxd7+ Nxd7 14. Ne2
Qd6 15. Nxd7 Qxd7 16. Qxd7+ Kxd7 17. Nxd4 e5 18. Nb3 Rac8 19. O-O Rc2 20. Rac1
Rhc8 21. Rb1 d4 22. Rfc1 d3 23. Rd1 e4 24. Nd4 R2c4 25. Nb5 a6 26. Nc3 f5 27.
f3 Kd6 28. fxe4 fxe4 29. Kf2 Ke5 30. Ke3 Rf8 31. Rf1 Rf6 32. Rf2 Rxf2 33. Kxf2
Kd4 34. Re1 d2 35. Ne2+ Kd3 36. Nf4+ Kc2 37. Re2 Kc1 38. b3 Rc3 39. Rxe4 Bxe4
40. Ne2+ Kb2 41. Nxc3 Kxc3 0-1

[Event "HEM 2013 B Turnier"]
[Site "Korbach"]
[Date "2013.03.28"]
[Round "3.17"]
[White "Engel, Markus"]
[Black "Renk, Cornelius"]
[Result "1-0"]
[WhiteElo "1415"]
[BlackElo "1837"]
[PlyCount "69"]
[EventDate "2013.??.??"]
[WhiteTeam "Kasseler SK 1876"]
[BlackTeam "SC Marsberg e.V."]

1. d4 Nf6 2. c4 g6 3. Nc3 Bg7 4. Nf3 d6 5. e4 O-O 6. Be2 e5 7. d5 Nbd7 8. O-O
Ne8 9. Ne1 f5 10. Bg5 Nef6 11. exf5 gxf5 12. Bh5 a5 13. Nd3 e4 14. Nf4 Ne5 15.
Qe2 c6 16. Rad1 Qc7 17. Bxf6 Bxf6 18. Kh1 Bg5 19. g3 Rf6 20. h4 Bxf4 21. gxf4
Nd3 22. Rg1+ Kh8 23. Qd2 Rh6 24. Rg5 Rxh5 25. Rxh5 Qf7 26. Rg5 h6 27. Rg3 Qh5
28. Kg1 Qxh4 29. Nxe4 fxe4 30. Qc3+ Ne5 31. fxe5 Bg4 32. exd6+ Kh7 33. Re1 Rg8
34. Rxe4 Qh5 35. Re7+ 1-0

[Event "HEM 2013 B Turnier"]
[Site "Korbach"]
[Date "2013.03.28"]
[Round "3.18"]
[White "Huelsmann, Florian"]
[Black "Martens, Nick"]
[Result "0-1"]
[WhiteElo "944"]
[BlackElo "1747"]
[PlyCount "80"]
[EventDate "2013.??.??"]
[WhiteTeam "Sfr. Korbach"]
[BlackTeam "SF Battenberg"]

1. e4 d5 2. e5 Nc6 3. Nf3 Bg4 4. d4 e6 5. Be3 Nge7 6. h3 Bh5 7. Be2 Nf5 8. Qd2
Nxe3 9. Qxe3 Nb4 10. Na3 Bg6 11. Bb5+ c6 12. Ba4 a5 13. c3 Na6 14. O-O Be7 15.
Bc2 Bh5 16. Qd3 b5 17. Nb1 Bg6 18. Qd2 Bh5 19. a4 b4 20. cxb4 Nxb4 21. Qc3 Bxf3
22. gxf3 Rc8 23. f4 c5 24. Nd2 cxd4 25. Qxd4 Nxc2 26. Qd3 Nxa1 27. Rxa1 O-O 28.
f5 Qb6 29. fxe6 fxe6 30. Kh1 Rxf2 31. Rg1 Qxb2 32. Qg3 Rf7 33. Nf3 Rc1 34. Ne1
Qe2 35. Nf3 Rxg1+ 36. Nxg1 Qe4+ 37. Kh2 Qc2+ 38. Kh1 Rf1 39. Qg4 Qf5 40. Qe2
Bc5 0-1

[Event "HEM 2013 B Turnier"]
[Site "Korbach"]
[Date "2013.03.28"]
[Round "3.20"]
[White "Becker, Robin"]
[Black "Shkolnyk, Boris"]
[Result "1/2-1/2"]
[WhiteElo "1454"]
[BlackElo "1892"]
[PlyCount "100"]
[EventDate "2013.??.??"]
[WhiteTeam "SV Meschede e.V."]
[BlackTeam "Sfr. Korbach"]

1. e4 c6 2. d4 d5 3. exd5 cxd5 4. Bd3 Nf6 5. c3 Nc6 6. Bf4 g6 7. Nf3 Bg7 8. O-O
O-O 9. Re1 Bg4 10. Nbd2 e6 11. h3 Bxf3 12. Nxf3 Rc8 13. Qd2 a6 14. Ne5 Qa5 15.
Bg5 Nxe5 16. dxe5 Nd7 17. f4 d4 18. Rec1 Nb8 19. Be7 Rfe8 20. Bb4 dxc3 21. Bxa5
cxd2 22. Rd1 Bh6 23. Bxd2 Red8 24. Be3 Nc6 25. Bb6 Bxf4 26. Bxd8 Rxd8 27. Be4
Bxe5 28. Rxd8+ Nxd8 29. Rd1 Bf6 30. Rd7 Kf8 31. b3 Ke8 32. Rd1 Be7 33. g4 Bc5+
34. Kf1 b6 35. Ke2 a5 36. a4 Ke7 37. g5 e5 38. Bd5 Bd4 39. Rf1 Ne6 40. Bxe6
Kxe6 41. Kd3 Bc5 42. Rf6+ Ke7 43. Ke4 Bd4 44. Rf1 Kf8 45. h4 Kg8 46. Rf3 h6 47.
Rf6 Kg7 48. Rf3 hxg5 49. hxg5 Kf8 50. Rf6 Ke7 1/2-1/2

[Event "HEM 2013 B Turnier"]
[Site "Korbach"]
[Date "2013.03.28"]
[Round "3.21"]
[White "Reichel, Rolf"]
[Black "Lorch, Alexander"]
[Result "1/2-1/2"]
[WhiteElo "1776"]
[BlackElo "1365"]
[PlyCount "95"]
[EventDate "2013.??.??"]
[WhiteTeam "Sfr. Frankfurt 1921"]
[BlackTeam "SC Eschwege"]

1. e4 c5 2. Nc3 d6 3. f4 e6 4. Nf3 a6 5. Be2 Nc6 6. O-O Nge7 7. d3 g6 8. Qe1
Bg7 9. Nd1 O-O 10. Ne3 Nd4 11. Nxd4 Bxd4 12. c3 Bg7 13. g4 f5 14. exf5 exf5 15.
g5 Be6 16. Bf3 Qc7 17. Nc4 Nc8 18. Bxb7 Qxb7 19. Qxe6+ Qf7 20. Qxf7+ Rxf7 21.
Re1 Rd7 22. Bd2 Rb8 23. Re8+ Kf7 24. Rae1 d5 25. Rxc8 Rxc8 26. Nb6 Rcd8 27.
Nxd7 Rxd7 28. Kf2 Re7 29. Rb1 Rb7 30. Ke2 Ke6 31. Kd1 Kd6 32. Kc2 Kc6 33. Re1
Kd7 34. b4 Bf8 35. a3 Bd6 36. Rb1 Kc6 37. c4 Re7 38. cxd5+ Kxd5 39. bxc5 Bxc5
40. a4 Re2 41. Re1 Rxh2 42. Kd1 Kd4 43. Be3+ Kxd3 44. Bxc5 Rd2+ 45. Kc1 Rc2+
46. Kb1 Rxc5 47. Re7 Rc4 48. Rxh7 1/2-1/2

[Event "HEM 2013 B Turnier"]
[Site "Korbach"]
[Date "2013.03.28"]
[Round "3.22"]
[White "Unruh, Hartmut"]
[Black "Kienel, Michael"]
[Result "1/2-1/2"]
[WhiteElo "1670"]
[BlackElo "1497"]
[PlyCount "55"]
[EventDate "2013.??.??"]
[WhiteTeam "Sfr. Korbach"]
[BlackTeam "Peiner SV"]

1. d4 d5 2. Bf4 Nf6 3. Nf3 e6 4. e3 c5 5. c3 cxd4 6. exd4 a6 7. Qc2 Bd6 8. Bg5
Nbd7 9. Bd3 Qc7 10. Nbd2 b5 11. a3 Bb7 12. Bh4 h6 13. Bg3 O-O 14. Bxd6 Qxd6 15.
O-O Rfe8 16. Rfe1 Rac8 17. Ne5 Nb8 18. Ndf3 Nc6 19. h3 Nd7 20. Qd2 Ndxe5 21.
dxe5 Qc7 22. Rac1 Na5 23. Bc2 Qc4 24. Nd4 Kf8 25. b4 Qxc3 26. Qxc3 Rxc3 27.
bxa5 Rxa3 28. Ra1 1/2-1/2

[Event "HEM 2013 B Turnier"]
[Site "Korbach"]
[Date "2013.03.28"]
[Round "3.23"]
[White "Bekkink, Joey"]
[Black "Hoepfner, Michael"]
[Result "1-0"]
[WhiteElo "1496"]
[BlackElo "1300"]
[PlyCount "59"]
[EventDate "2013.??.??"]
[WhiteTeam "Caissa Eenhoorn"]
[BlackTeam "Kasseler SK 1876"]

1. e4 b6 2. d4 Bb7 3. Nc3 Nf6 4. Bd3 e6 5. Bg5 h6 6. Bh4 g5 7. Bg3 Bb4 8. f3 c5
9. Nge2 Nc6 10. a3 cxd4 11. axb4 dxc3 12. bxc3 d5 13. O-O Nh5 14. b5 Nxg3 15.
Nxg3 Ne5 16. exd5 Bxd5 17. f4 Ng4 18. Qxg4 f5 19. Qh5+ Ke7 20. fxg5 Qg8 21. g6
Qg7 22. c4 Bb7 23. Bxf5 Qd4+ 24. Kh1 Qxc4 25. Bxe6 Qxc2 26. Bh3 Qb2 27. Rae1+
Kd6 28. Re6+ Kc7 29. g7 Rhg8 30. Rf7+ 1-0

[Event "HEM 2013 B Turnier"]
[Site "Korbach"]
[Date "2013.03.28"]
[Round "3.24"]
[White "Fehling, Janek"]
[Black "Buettner, Rudi"]
[Result "1/2-1/2"]
[WhiteElo "995"]
[BlackElo "1462"]
[PlyCount "53"]
[EventDate "2013.??.??"]
[WhiteTeam "SK Turm Bad Hersfeld"]
[BlackTeam "SK Bad Sooden-Allendorf"]

1. e4 e5 2. Nf3 Nc6 3. Nc3 d6 4. h3 Be7 5. d4 exd4 6. Nxd4 Bd7 7. Nxc6 Bxc6 8.
Bc4 Nf6 9. Qf3 O-O 10. O-O Rb8 11. Re1 Nd7 12. Qg3 Kh8 13. Bf4 Bh4 14. Qd3 Ne5
15. Bxe5 dxe5 16. Qxd8 Rbxd8 17. Re3 a6 18. Rf3 Rd7 19. Re1 Bg5 20. Re2 Bc1 21.
b3 b5 22. Bd3 Bb2 23. Nd1 Bd4 24. c3 Bb6 25. Nb2 f6 26. a4 Rfd8 27. axb5
1/2-1/2

[Event "HEM 2013 B Turnier"]
[Site "Korbach"]
[Date "2013.03.28"]
[Round "3.25"]
[White "Dresen, Dietmar"]
[Black "Weber, Stefan"]
[Result "1-0"]
[WhiteElo "1660"]
[BlackElo "1512"]
[PlyCount "79"]
[EventDate "2013.??.??"]
[WhiteTeam "Bedburger SV 1947 e.V."]
[BlackTeam "Sfr. Korbach"]

1. Nf3 Nc6 2. d4 d5 3. e3 Nf6 4. c4 Bf5 5. a3 e6 6. Nc3 a5 7. Nh4 Ne7 8. Nxf5
Nxf5 9. Bd3 Ne7 10. O-O g6 11. cxd5 Nexd5 12. Nxd5 Qxd5 13. Qc2 Bd6 14. f3 h5
15. Bc4 Qc6 16. Qb3 a4 17. Qb5 Qxb5 18. Bxb5+ c6 19. Bd3 O-O-O 20. Bc2 b5 21.
Bd2 c5 22. Rac1 c4 23. e4 Nd7 24. Ba5 Rdg8 25. e5 Bb8 26. Be4 Ba7 27. Bc6 Bxd4+
28. Kh1 Nxe5 29. Bxb5 Bxb2 30. Rc2 Bxa3 31. f4 Nd7 32. Rxc4+ Nc5 33. Bb6 Kb7
34. Bxc5 Bxc5 35. Rxc5 Kb6 36. Rfc1 Ra8 37. Bf1 a3 38. Rb5+ Ka6 39. Rc6+ Ka7
40. Rb3 1-0

[Event "HEM 2013 B Turnier"]
[Site "Korbach"]
[Date "2013.03.28"]
[Round "3.26"]
[White "Pabst, Olaf"]
[Black "Hildebrand, Georg"]
[Result "1/2-1/2"]
[WhiteElo "1681"]
[BlackElo "1225"]
[PlyCount "95"]
[EventDate "2013.??.??"]
[WhiteTeam "Sfr. Korbach"]
[BlackTeam "SK Marburg 1931/72"]

1. f4 b6 2. e4 Bb7 3. d3 g6 4. Nf3 Bg7 5. Be2 d6 6. c3 Nd7 7. Qc2 e6 8. O-O Ne7
9. d4 Qc8 10. Bd3 c5 11. Be3 c4 12. Be2 Nf6 13. Nfd2 d5 14. e5 Ne4 15. Nxe4
dxe4 16. g4 Nd5 17. Qd2 b5 18. Na3 a6 19. Nc2 Nxe3 20. Nxe3 Qd7 21. a3 h6 22.
Rad1 O-O-O 23. Ra1 f6 24. Qc2 g5 25. exf6 Bxf6 26. f5 e5 27. d5 Bxd5 28. Rfd1
Qb7 29. Nxd5 Rxd5 30. Rxd5 Qxd5 31. Rd1 Qc6 32. Qd2 Rd8 33. Qc2 Be7 34. Rxd8+
Bxd8 35. Kg2 Qd5 36. Qd1 Qc6 37. Qc2 Bb6 38. Qd1 e3+ 39. Bf3 e4 40. Be2 Qc5 41.
Qc2 Qe5 42. Qd1 Bc7 43. Qg1 Qf4 44. Kh3 Kd7 45. Qg3 Qf2 46. Qxf2 exf2 47. Kg2
e3 48. h3 1/2-1/2